La Grande Armée - Napoléon - Statistiques

Statistiques générales
  • Ce quiz a été pris 105 fois
  • Le résultat moyen est 11 sur 33
Statistiques - réponses
Par images Réponse % Correct
Fusiliers Grenadiers
85%
Hussards
78%
Dragons
60%
Voltigeurs
60%
Cuirassiers
48%
Officier d'infanterie de ligne
45%
Sapeur d'infanterie
40%
Lanciers Polonais
38%
Tambour d'infanterie
38%
Vieille Garde
38%
Infanterie de ligne
35%
Infanterie de Marine
35%
Jeune Garde
35%
Gendarme (1806)
33%
Grenadiers à cheval
30%
3eme régiment de Grenadiers à pied de la Garde (Hollandais)
28%
Carabiniers à cheval
28%
Chasseurs à pied
28%
Grenadiers de la Garde
28%
Chasseurs à cheval
25%
Artillerie à cheval
23%
Dragons de l'Impératrice (Garde)
23%
Infanterie Polonaise
20%
Artillerie à pied
18%
Artillerie de la Garde
18%
Chasseurs de la Garde
18%
Gardes Suisses
18%
Marins de la Garde
18%
Tambour Major
18%
Chevau-légers
15%
Gendarmerie d'Espagne
15%
Gendarmerie d'élite de la Garde
13%
Carabiniers d'infanterie légère
10%
Aucun quiz correspondant
Distribution des résultats
% des personnes avec chaque résultat
Percentile par nombre de réponses
Votre historique - résultats
Vous n’avez pas pris ce quiz